000 00519nam a2200181Ia 4500
003 GCL
008 140319s9999 xx 000 0 ara d
040 _aGCL /
_cGCL
082 0 4 _a241
_bم ا
100 1 _aمنيس عبد النور
245 1 0 _aاسماء الله فى الكتاب المقدس /
_cمنيس عبد النور
260 _a[S.N] :
_bدار الثقافة المسيحية ،
_c1979
300 _a146 ص
490 _a
650 0 4 _aالانجيل
650 0 4 _aالهبات
942 _2ddc
_cBK
999 _c52817
_d52817